Difficult WW2 Trivia - Statistics

General Stats
  • This quiz has been taken 2,630 times
  • The average score is 4 of 20
Answer Stats
Hint Answer % Correct
Capital of the French puppet state under Nazi rule. Vichy
59%
Number of turrets on an A1E1 Independent tank. 5
55%
Mediterranean island invaded in 1941 by German airborne troops. Crete
53%
Allied codename for the airborne assault on occupied Netherlands. Operation Market Garden
42%
German Doctor at Auschwitz who performed medical experiments on prisoners. Dr Josef Mengele
41%
Number of countries and territories occupied by Germany. 26
30%
German Semi-Auto Rifle developed in 1943. Gewehr 43
15%
Heavy Cruiser scuttled in Montevideo. Admiral Graf Spee
14%
German rank equivalent to colonel. Oberst
13%
Soviet sniper who achieved 242 confirmed kills while fighting at Stalingrad. Vasily Zaytsev
13%
Calibre of gun mounted on the IS-2. 122mm
12%
Common light machine gun used by Soviet infantry. DP28
10%
Codename of first atomic bomb drop. Trinity
10%
British fighter plane with all guns in a rear facing turret. Boulton Paul Defiant
8%
Replacement for the Bf110 heavy fighter. Me410
6%
Approximate number of T34/76 tanks built between 1940-1945. 35000
3%
German codename for the first day of the operation to destroy the RAF. Adlertag
3%
Top german tank ace. Kurt Knispel
3%
Name of main gun on Tiger 1 tank. KwK36 L56
1%
Agreement signed in August 1943 to govern sharing of nuclear weapon research. Quebec Agreement
1%
No matching quizzes found
Score Distribution
Percent of People with Each Score
Percentile by Number Answered
Your Score History
You have not taken this quiz